Sports Clothing Brands - Statistics

General Stats
  • This quiz has been taken 321 times
    319 since last reset
  • The average score is 8 of 11
Answer Stats
Picture Answer % Correct
Nike
100%
Puma
100%
Adidas
99%
New Balance
96%
Fila
88%
Converse
78%
Under Armor
74%
Asics
72%
Lotto
23%
Russell Athletic
17%
Columbia Sportwear
15%
No matching quizzes found
Score Distribution
Percent of People with Each Score
Percentile by Number Answered
Your Score History
You have not taken this quiz since the last reset